| 000 | 00727nam a22002177a 4500 | ||
|---|---|---|---|
| 003 | LK-CoMWRAF | ||
| 005 | 20230928161722.0 | ||
| 008 | 230928b1996 |||||||| |||| 00| 0 eng d | ||
| 020 | _a1853393339 | ||
| 040 |
_aLK-CoMWRAF _dLK-CoMWRAF _eLK-CoMWRAF |
||
| 041 | _aeng | ||
| 082 |
_a307.1 _bEDU |
||
| 245 |
_aEducating for real: _bthe training of professionals for development practice |
||
| 260 |
_aLondon: _bIntermediate Technology Publications, _c1996 |
||
| 300 | _axvi, 207 p. : ill. ; 23 cm. | ||
| 650 | _a City planning-Study and teaching (Higher)-Developing countries. | ||
| 650 | _aCity planners-Training of-Developing countries. | ||
| 700 |
_aHambdi, Nabeel _eed. |
||
| 700 |
_aEl-Sherif, Amr _eed. |
||
| 942 | _cBK | ||
| 999 |
_c3726 _d3726 |
||